000 00571cam a2200145 4500500
005 20260208002416.0
041 _afre
042 _adc
100 1 0 _aMaj, Émilie
_eauthor
245 0 0 _aCatherine Tourre-Malen, Femmes à cheval. La féminisation des sports et des loisirs équestres : une avancée ?, Paris, Belin, 2006, 299 p., bibl., gloss., tabl.
260 _c2008.
500 _a8
786 0 _nL'Homme | 185-186 | 1 | 2008-06-01 | p. 495o-540o | 0439-4216
856 4 1 _uhttps://shs.cairn.info/revue-l-homme-2008-1-page-495o?lang=fr&redirect-ssocas=7080
999 _c1646189
_d1646189